101 Things I Learned In Architecture School (Record no. 15482)

MARC details
000 -LEADER
fixed length control field 00407nam a2200157Ia 4500
008 - FIXED-LENGTH DATA ELEMENTS--GENERAL INFORMATION
fixed length control field 220803s9999 xx 000 0 und d
020 ## - INTERNATIONAL STANDARD BOOK NUMBER
International Standard Book Number 978-0-262-06266-4
041 ## - LANGUAGE CODE
Language code of text/sound track or separate title eng
082 ## - DEWEY DECIMAL CLASSIFICATION NUMBER
Classification number 720 FRE
100 ## - MAIN ENTRY--PERSONAL NAME
Personal name Frederick M
9 (RLIN) 24566
245 ## - TITLE STATEMENT
Title 101 Things I Learned In Architecture School
260 ## - PUBLICATION, DISTRIBUTION, ETC. (IMPRINT)
Place of publication, distribution, etc. London
Name of publisher, distributor, etc. MIT Press
Date of publication, distribution, etc. 2014
300 ## - PHYSICAL DESCRIPTION
Extent 101p
500 ## - GENERAL NOTE
Keywords Architecture
650 ## - SUBJECT ADDED ENTRY--TOPICAL TERM
Topical term or geographic name as entry element Architecture
9 (RLIN) 24567
Holdings
Withdrawn status Lost status Damaged status Not for loan Collection code Home library Current library Shelving location Date acquired Vendor Cost, normal purchase price Full call number Barcode Date last seen Cost, replacement price Bill Date Koha item type Original Barcode Total Checkouts
      Reference Book of B Arch Dr. Bhanuben Nanavati College of Architecture Dr. Bhanuben Nanavati College of Architecture   26/06/2014 Word Book Shop 865.00 720.7 FRE BNCA-BK-8832 03/08/2022 14.95 28/04/2014 Books B008832  
          Dr. Bhanuben Nanavati College of Architecture Dr. Bhanuben Nanavati College of Architecture   28/01/2013 BNCA   720 FRE BNCA-DB-831 03/08/2022   03/08/2022 Donated Book DB000831